| 000 | 00948pam a2200277 a 4500 | ||
|---|---|---|---|
| 001 | 2437726 | ||
| 003 | OSt | ||
| 005 | 20211026131213.0 | ||
| 008 | 880721s1989 ohua b 001 0 eng | ||
| 010 | _a 88023651 | ||
| 020 |
_a0942280504 : _c$20.00 |
||
| 040 |
_aDLC _cHU _dDLC |
||
| 050 | 0 | 0 |
_aGV191.6 _b.E85 1989 |
| 082 | 0 | 0 |
_a370.11/07/11 EWE 1989 _219 |
| 100 | 1 |
_aEwert, Alan W., _d1949- _915570 |
|
| 245 | 1 | 0 |
_aOutdoor adventure pursuits : _bfoundations, models, and theories / _cAlan W. Ewert. |
| 260 |
_aColumbus, Ohio : _bPub. Horizons, _cc1989. |
||
| 300 |
_axvii, 234 p. : _bill. ; _c24 cm. |
||
| 500 | _aIncludes index. | ||
| 504 | _aBibliography: p. 215-230. | ||
| 650 | 0 |
_aOutdoor recreation. _915571 |
|
| 650 | 0 |
_aOutward bound schools. _915572 |
|
| 906 |
_a7 _bcbc _corignew _d1 _eocip _f19 _gy-gencatlg |
||
| 942 |
_2ddc _cBOOKS _n0 |
||
| 999 |
_c14982 _d14982 |
||